| 000 | 00521nam a22002057a 4500 | ||
|---|---|---|---|
| 999 |
_c3942 _d3942 |
||
| 003 | Nust | ||
| 005 | 20170622125545.0 | ||
| 008 | 161128b xxu||||| |||| 00| 0 eng d | ||
| 020 | _a978-8485745814 | ||
| 020 | _a8485745817 | ||
| 040 | _cNust | ||
| 082 |
_a954.9143 _bREH |
||
| 100 |
_aShafiq-Ur-Rehman _91675 |
||
| 245 |
_aShagufay/ _cShafiq-Ur-Rehman |
||
| 260 |
_aLahore; _bSang -e- Meel, _c2007. |
||
| 300 | _a184p. | ||
| 650 |
_aUrdu Literature-Satire _91676 |
||
| 880 |
_6100-01\(3\r _aشفیق الرحمٰن |
||
| 880 |
_6245-02\(3\r _aشگوفے _cشفیق الرحمٰن |
||
| 880 |
_6260-03\(3\r _aلاہور: _bسنگ میل پبلی کیشنز، _c2007 |
||
| 942 |
_2ddc _cBK |
||